Knowledge as a key to a company's succes in the knowledge-based economy

Veda ako dôležitý faktor ovplyvňujúci úspech firmy, ktorý funguje v podmienkach zmien. Zdôraznenie podstaty a užitočnosti riadenia vedou v učiacej sa spoločnosti. Podstata hospodárstva vychádzajúceho z vedných poznatkov.

Na minha lista:
Detalhes bibliográficos
Autor principal: Skrzypek, Elžbieta
Formato: Capítulo de Livro
Idioma:inglês
Assuntos:
Tags: Adicionar Tag
Sem tags, seja o primeiro a adicionar uma tag!

MARC

LEADER 00000naa a2200000 4500
001 r044928
005 20231004075507.1
041 0 |a eng 
044 |a CZ 
245 1 0 |a Knowledge as a key to a company's succes in the knowledge-based economy  |c Elžbieta Skrzypek 
520 |a Veda ako dôležitý faktor ovplyvňujúci úspech firmy, ktorý funguje v podmienkach zmien. Zdôraznenie podstaty a užitočnosti riadenia vedou v učiacej sa spoločnosti. Podstata hospodárstva vychádzajúceho z vedných poznatkov. 
610 2 0 |a riadenie znalostí 
610 2 0 |a veda 
610 2 0 |a vedomosti 
610 2 0 |a zmeny technologické 
610 2 0 |a rozvoj hospodársky 
610 2 0 |a ekonómia vedy 
610 2 0 |a potenciál vedecký 
610 2 0 |a spoločnosť 
610 2 0 |a spoločnosť vedomostná 
100 1 |a Skrzypek, Elžbieta